000
00342 a2200157 4500
001
16776
020
_a
9788575039205
040
_c
Anchieta - Bela Vista
100
_a
Ndiaye, Marie
240
1
0
_a
A diaba e sua filha
_l
por
245
1
0
_a
A diaba e sua filha
300
_a
40
362
0
_a
2011
650
4
_a
Literatura juvenil
942
_c
BK
999
_c
16776
_d
16776